LIBRARY & INFORMATION CENTRE, KCAET, TAVANUR

ONLINE PUBLIC ACCESS CATALOGUE (OPAC)

Soil Survey and Land Use of Village Islam Nagar District Bhopal Madhyapradesh (Record no. 19459)

MARC details
000 -LEADER
fixed length control field 00651nam a22002177a 4500
003 - CONTROL NUMBER IDENTIFIER
control field OSt
008 - FIXED-LENGTH DATA ELEMENTS--GENERAL INFORMATION
fixed length control field 250227b |||||||| |||| 00| 0 eng d
041 ## - LANGUAGE CODE
Language code of text/sound track or separate title eng
100 ## - MAIN ENTRY--AUTHOR NAME
Personal name Srikanth N etal
245 ## - TITLE STATEMENT
Title Soil Survey and Land Use of Village Islam Nagar District Bhopal Madhyapradesh
260 ## - PUBLICATION, DISTRIBUTION, ETC. (IMPRINT)
Place of publication Bhopal:
Name of publisher Central Institute of Agricultural Engineering,
Year of publication 1983.
700 ## - ADDED ENTRY--PERSONAL NAME
Personal name Deshmukesh
700 ## - ADDED ENTRY--PERSONAL NAME
Personal name Raj Kumar
700 ## - ADDED ENTRY--PERSONAL NAME
Personal name Dhanake, SK
700 ## - ADDED ENTRY--PERSONAL NAME
Personal name Gaikaward, MS
700 ## - ADDED ENTRY--PERSONAL NAME
Personal name Vaidya GS
700 ## - ADDED ENTRY--PERSONAL NAME
Personal name Gajbhiya, KS
700 ## - ADDED ENTRY--PERSONAL NAME
Personal name Roy Chaudhari, C
700 ## - ADDED ENTRY--PERSONAL NAME
Personal name Hirekerur, LR
942 ## - ADDED ENTRY ELEMENTS (KOHA)
Koha item type Books
Holdings
Withdrawn status Lost status Damaged status Home library Current library Date acquired Cost, normal purchase price Accession Number Koha item type
      KAUAET KAUAET 27/02/2025 20.00 20488 Books
free website counter